1990's Most Played Songs on Spotify - Statistics

General Stats
  • This quiz has been taken 151 times
  • The average score is 22 of 50
Answer Stats
Artist Song % Correct
Nirvana Smells Like Teen Spirit
95%
Oasis Wonderwall
89%
The Cranberries Zombie
81%
Radiohead Creep
76%
Coolio ft. L.V. Gangsta's Paradise
74%
The Goo Goo Dolls Iris
73%
Mariah Carey All I Want For Christmas Is You
71%
Smash Mouth All Star
65%
Backstreet Boys I Want It That Way
64%
R.E.M. Losing My Religion
63%
Red Hot Chili Peppers Californication
61%
Metallica Enter Sandman
60%
Spice Girls Wannabe
60%
Britney Spears ...Baby One More Time
58%
Red Hot Chili Peppers Under The Bridge
58%
AC/DC Thunderstruck
56%
Foo Fighters Everlong
53%
Blur Song 2
50%
Nirvana Come As You Are
47%
The Cranberries Linger
47%
Blink-182 All The Small Things
45%
The Verve Bitter Sweet Symphony
45%
Green Day Basket Case
41%
Dr. Dre ft. Snoop Dogg Still D.R.E.
40%
4 Non Blondes What's Up?
39%
Nirvana Heart Shaped Box
38%
Guns N' Roses November Rain
38%
Natalie Imbruglia Torn
37%
Oasis Don't Look Back In Anger
36%
Ice Cube It Was A Good Day
36%
TLC No Scrubs
36%
Metallica Nothing Else Matters
36%
Aerosmith I Don't Want To Miss A Thing
35%
Rage Against The Machine Killing In The Name
35%
Sublime Santeria
33%
Haddaway What Is Love
33%
The Notorious B.I.G. Big Poppa
31%
Sixpence None The Richer Kiss Me
31%
Counting Crows Mr. Jones
30%
2Pac ft. Dr. Dre & Roger Troutman California Love
29%
The Notorious B.I.G. Hypnotize
28%
Red Hot Chili Peppers Scar Tissue
28%
Destiny's Child Say My Name
25%
Dr. Dre ft. Snoop Dogg The Next Episode
25%
Blackstreet ft. Dr. Dre & Queen Pen No Diggity
23%
Dr. Dre ft. Eminem Forgot About Dre
22%
Scorpions Wind of Change
22%
Red Hot Chili Peppers Otherside
21%
Toploader Dancing In The Moonlight
16%
The Offspring The Kids Aren't Alright
16%
No matching quizzes found
Score Distribution
Percent of People with Each Score
Percentile by Number Answered
Your Score History
You have not taken this quiz